Official methods of analysis of the association of official analytical chemists

Bewaard in:
Bibliografische gegevens
Hoofdauteur: Horwitz, William (Auteur)
Formaat: Boek
Taal:Engels
Gepubliceerd in: Washington, D.C Association of Official Analytical Chemists 1980
Editie:13a. ed
Onderwerpen:
Tags: Voeg label toe
Geen labels, Wees de eerste die dit record labelt!

MARC

LEADER 00000nam a2200000 a 4500
001 UCQ4622
003 CL-VaPUC
008 980910e19800000US |||||||||||||||||eng|d
082 0 4 |a 543  |b HOR  |2 21 
100 |a Horwitz, William  |e author  |9 418794 
245 1 0 |a Official methods of analysis of the association of official analytical chemists 
250 |a 13a. ed 
300 |a 1018 p 
942 |c BK 
945 |d 19980910 00:00:00  |a mvenant 
260 |a Washington, D.C  |b Association of Official Analytical Chemists  |c 1980 
650 0 |a Química analítica  |9 259648 
650 0 |a Fertilizantes  |9 262833 
650 7 |a DESINFECTANTES  |2 CL-VaPUC  |9 418795 
650 0 |a Pesticidas  |9 358300 
650 0 |a Drogas  |9 254877 
650 0 |a Vitaminas  |9 343802 
583 |a last modification  |c 20130618 10:05:05  |k Rodrigo Vera 
999 |c 274959  |d 274957 
952 |0 0  |1 0  |4 0  |6 543_000000000000000_HOR_1980  |7 0  |8 A  |9 311389  |a BIBAGR  |b BIBAGR  |d 2019-11-20  |i 3453677  |o 543 HOR 1980  |p 3453677  |r 2025-01-20  |w 2019-11-20  |y BK  |k AGR